| 000 | 00697cab a2200241 4500 | ||
|---|---|---|---|
| 001 | WB3325-44 | ||
| 008 | 090401t1997 xxu||||| |||| 00| 0 eng d | ||
| 035 | _a(Sirsi) u79158 | ||
| 041 | _aeng | ||
| 245 | _aCut-price fees on offer | ||
| 260 | _c1997 | ||
| 350 | _a0 | ||
| 490 |
_aTimes _v21 June 1997, B10(2) |
||
| 520 | _aAs the residential market continues to pick up, more estate agents are cutting their fees to entice sellers. | ||
| 650 | _aESTATE AGENCY | ||
| 650 | _aESTATE AGENTS FEES | ||
| 650 | _aHOUSE SALES | ||
| 650 | _aMARKETING | ||
| 650 | _aRESIDENTIAL MARKET | ||
| 690 | _aMANAGEMENT-BUSINESS MANAGEMENT-PROFESSIONAL PRACTICE | ||
| 942 | _n0 | ||
| 948 | _c24/06/1997 | ||
| 999 |
_c49754 _d49754 |
||